Sustainable landscape management of the Tatry Biosphere Reserve of UNESCO

Bibliographic Details
Main Authors: Izakovičová, Zita, 1959- (Author), Oszlányi, Július, 1944- (Author)
Format: Article
Language:Slovak
English
ISSN:1335-342X
Subjects:

MARC

LEADER 00000nab a2200000 a 4500
001 vtls010125722
003 SK-MaSNL
005 20260426100553.0
008 250708c2009 xo ||||||||||||00 b|slo
015 |a SNBRB2010/08  |2 snkbucl 
035 |a (uuid)f58abfba-2c3f-485e-9bf0-a33fe6f1cb2c 
035 |a urn:nbn:sk:snk-ab9yap 
035 |a (urnnbn)urn:nbn:sk:snk:ar-a094ex 
038 |a SNKBUCL 
040 |a SNKBUCL  |b slo  |c SNKBUCL  |e AACR2 
041 0 |a eng  |b eng 
044 |a xo  |c SK 
080 |a 504.54.06:502.4  |x (437.6)  |2 1997 
080 |a 502.4  |x (437.6)  |2 1997 
100 1 |a Izakovičová, Zita,  |d 1959-  |4 aut  |9 94230 
245 1 0 |a Sustainable landscape management of the Tatry Biosphere Reserve of UNESCO  |c Zita Izakovičová, Július Oszlányi 
504 |a Bibliogr. odkazy 
546 |a Res. angl. 
650 0 7 |a krajina  |2 snkbucl  |9 15725 
650 0 7 |a trvalo udržateľný rozvoj  |2 snkbucl  |9 3353 
650 0 7 |a manažment krajiny  |2 snkbucl  |9 123725 
651 7 |a Vysoké Tatry (Poľsko a Slovensko : pohorie)  |2 SNKPHgeo  |9 67729 
651 7 |a Slovensko  |2 snkbucl  |9 14231 
700 1 |a Oszlányi, Július,  |d 1944-  |4 aut  |9 109053 
773 0 |t Ekológia  |g Vol. 28, No. 4 (2009), s. 333-345  |x 1335-342X 
850 |a Slovenská národná knižnica 
852 |a Slovenská národná knižnica 
958 |a article13 
958 |a OND 
958 |a NB 
958 |a SK 
958 |a EUIPO 
999 |c 3200435  |d 3202365